000 00325nam a22001337a 4500
008 181218b xxu||||| |||| 00| 0 eng d
020 _a0070010722
041 _aeng
080 _a370
100 _a49
101 _aEDU
245 _aTeaching English A second Language A book Of Readings
_cAllen.C
942 _2udc
_cBK
999 _c53423
_d53423